000 00763nam a22002177a 4500
003 UA-OsUOA
001 133225
007 ta
008 20181008b un ||||| |||| 00| 0 ukr d
100 _aМаркотенко Т.
090 _a81
_bМ26
942 _cSA
040 _aUA-OsUOA
_bukr
_cUA-OsUOA
_dUA-OsUOA
245 _aРоль фразеологізмів у формуванні комунікативної компетентності студентів
300 _aС.22-26
955 _a0
041 _aukr
080 _a81
773 0 _w133223
_tУкраїнська мова і література в школі
_dК.
_d2018
_g4
650 7 _a8 Мовознавство. Художня література. Літературознавство
_2UDC
999 _c421877
_d421877